| 000 | 01025nam a22002417a 4500 | ||
|---|---|---|---|
| 003 | OSt | ||
| 005 | 20240719105033.0 | ||
| 008 | 240719b ||||| |||| 00| 0 eng d | ||
| 022 | _a22308903 | ||
| 040 | _cAIMIT LIBRARY | ||
| 082 |
_a621.3821 _bNETT |
||
| 110 |
_aInternational Science Press _9173718 |
||
| 245 |
_aInternational Journal of : _bnetwork and mobile technologies / _cBy International Science Press. |
||
| 260 |
_aHaryana ; _bInternational Science Press , _c2011,2012,2013. |
||
| 300 |
_bHB _c27.5 cm |
||
| 440 |
_aInternational journal of network and mobile technologies _vVol.2 No.1-2/2011 Vol.3 No.1-2/2012 Vol.4 No.1-2/2013 _9173719 |
||
| 440 | _vVol.5 No.1-2/2014 | ||
| 440 | _vVol.6 No.1-2/2015 Vol.7 No.1-2 Vol.8 No.1-2/2017 | ||
| 650 |
_aA study on privacy preserving association rule mining _9173720 |
||
| 650 |
_aPerformance analysis of PWM control of three- phase boost -derived hybrid _9173721 |
||
| 650 |
_aSecurity in TCP/IP over wireless network _9173722 |
||
| 942 |
_2ddc _cBV _k621.3821 NETT |
||
| 999 |
_c231472 _d231472 |
||